000 00441nam a2200157 a 4500
001 000041557
005 20201002035634.0
008 131011s1995 xxub 000 0 eng d
020 _a0446363510
040 _aDO-SdBNP
_beng
_cBNPHU
082 _axxxxx
_bxxxxx
100 1 _aBrandewyne, Rebecca
_911580
245 1 4 _aThe jacaranda tree /
_cRebecca Brandewyne.
260 _aNew York :
_bWarner Book,
_c1995.
300 _a365 p. :
_bil. ;
_c17 cm.
999 _c41047
_d41047